| 000 | 00451cam a2200193ua 4500 | ||
|---|---|---|---|
| 020 | _c5.00 | ||
| 041 |
_amal _h |
||
| 082 |
_a894.812308 _bTAG/YO |
||
| 100 |
_aTagore, Ravindra Nath. _96037 |
||
| 245 |
_aYogayog / _cRabindranath Tagore. _hTextual Documents |
||
| 250 |
_a1 / _b. |
||
| 260 |
_aNew Delhi : _bSahitya Academy , _c1961. |
||
| 300 | _a310 ; . | ||
| 365 | _a5.00 | ||
| 504 | _a | ||
| 942 | _cBK | ||
| 999 |
_c6564 _d6564 |
||
| 003 | |||